000 00716pam a2200229 a 4500
001 3870553
005 20180208092644.0
008 890403s1989 maua b 001 0 eng
010 _a 89007520
020 _a0395498619 :
_c$18.95
040 _aDLC
_cDLC
_dDLC
041 _aeng
080 _a616.8045 MAR
082 0 0 _a616.8045 MAR
_220
100 1 _a7
101 _aNEU
245 1 0 _aBrain power :
_cVernon Mark with Jeffrey P. Mark.
504 _aBibliography: p. [235]-239.
906 _a7
_bcbc
_corignew
_d1
_eocip
_f19
_gy-gencatlg
942 _2ddc
_cBK
999 _c42181
_d42181